000 00498nam a2200193Ia 4500
005 20250425161112.0
008 250425s9999 xx 000 0 und d
041 _aeng
082 _a530.028
100 _aHARRIS, NORMAN C.
245 0 _aEXPERIMENTS IN APPLIED PHYSICS FOR COLLEGES AND TECHNICAL INSTITUTES
250 _a2ND ED.
260 _aEstados Unidos
_bMCGRAW-HILL
_c1972
260 _aNEW YORK
300 _a304
650 _aFISICA-EXPERIMENTOS
942 _c01
010 _a12700
999 _c202450
_d202450